| Tag |
First Indicator |
Second Indicator |
Subfields |
| LEADER |
00000cem a2200000Ia 4500 |
| 001 |
in00002467239 |
| 005 |
20151111041912.0 |
| 007 |
ar canzn |
| 008 |
800711s1979 vaub bd a f 0 eng d |
| 034 |
1 |
|
|a a
|b 5000000
|d W2700000
|e W2250000
|f N0300000
|g N0000000
|
| 035 |
|
|
|a (OCoLC)ocm06507834
|
| 035 |
|
|
|a (OCoLC)6507834
|
| 040 |
|
|
|a GAT
|c GAT
|d NMT
|d OCL
|d COP
|d OCLCQ
|d STF
|d TXA
|d UtOrBLW
|
| 043 |
|
|
|a zma----
|
| 049 |
|
|
|a TXAM
|
| 050 |
1 |
4 |
|a G3701.C5 svar
|b .U52 I-1110
|
| 052 |
|
|
|a 3182
|b M3
|
| 074 |
|
|
|a 0619-G-08
|
| 086 |
0 |
|
|a I 19.91:I-1110
|
| 100 |
1 |
|
|a Hiller, Konrad H.
|
| 245 |
1 |
0 |
|a Geologic map of the Amenthes quadrangle of Mars /
|c by Konrad H. Hiller ; Department of the Interior, United States Geological Survey.
|
| 246 |
3 |
0 |
|a Amenthes quadrangle of Mars
|
| 255 |
|
|
|a Scale 1:5,000,000 at 0⁰ latitude ;
|b Mercator proj.
|c (W 270⁰--W 225⁰/N 30⁰--N 0⁰).
|
| 264 |
|
1 |
|a Reston, Va. :
|b The Survey,
|c 1979.
|
| 300 |
|
|
|a 1 remote-sensing map :
|b color ;
|c 37 x 53 cm., on sheet 86 x 95 cm., folded in envelope 30 x 24 cm.
|
| 336 |
|
|
|a cartographic image
|b cri
|2 rdacontent
|
| 337 |
|
|
|a unmediated
|b n
|2 rdamedia
|
| 338 |
|
|
|a sheet
|b nb
|2 rdacarrier
|
| 490 |
1 |
|
|a Miscellaneous investigations series ;
|v map I-1110
|
| 490 |
1 |
|
|a Atlas of Mars. 1:5,000,000 geologic series ;
|v (MC-14)
|
| 500 |
|
|
|a Relief shown by shading.
|
| 500 |
|
|
|a "Contour interval 1 kilometer."
|
| 500 |
|
|
|a Photo map.
|
| 500 |
|
|
|a "Prepared for the National Aeronautics and Space Administration."
|
| 504 |
|
|
|a Includes quadrangle location maps, index maps, graph, text and bibliographical references.
|
| 500 |
|
|
|a Cartographic material.
|
| 651 |
|
0 |
|a Mars (Planet)
|x Geology
|v Remote-sensing maps.
|
| 651 |
|
0 |
|a Mars (Planet)
|v Remote-sensing maps.
|
| 710 |
2 |
|
|a Geological Survey (U.S.)
|
| 710 |
1 |
|
|a United States.
|b National Aeronautics and Space Administration.
|
| 830 |
|
0 |
|a Miscellaneous investigations series (Geological Survey (U.S.)) ;
|v map I-1110.
|
| 810 |
2 |
|
|a Geological Survey (U.S.).
|t Atlas of Mars.
|p 1:5,000,000 geologic series ;
|v (MC-14)
|
| 994 |
|
|
|a C0
|b TXA
|
| 948 |
|
|
|a cataloged
|b h
|c 2009/07/09
|e rzeske
|f 08:44:52 am
|
| 999 |
|
|
|a MARS
|
| 999 |
f |
f |
|s 53f6cad5-cf14-3de5-9ece-2115631c25b4
|i a3f0085d-0778-39f8-a088-ec33bded28a1
|t 0
|
| 952 |
f |
f |
|p normal
|a Texas A&M University
|b College Station
|c Sterling C. Evans Library
|d Evans: Maps File (2nd floor)
|t 0
|e I 19.91:I-1110
|h Superintendent of Documents classification
|i unmediated -- sheet
|m A14837624997
|
| 998 |
f |
f |
|a I 19.91:I-1110
|t 0
|l Evans: Maps File (2nd floor)
|